| 000 | 00358nam a2200157Ia 4500 | ||
|---|---|---|---|
| 999 |
_c39477 _d39477 |
||
| 003 | 0100 | ||
| 005 | 20190129090307.0 | ||
| 008 | 130303s9999 xx 000 0 und d | ||
| 040 | _cARRUPELIB | ||
| 050 | _aCC75.W6 1954 | ||
| 100 |
_aWoolley, Charles Leonard _944200 |
||
| 245 |
_aDigging up the past _cLeonard Woolley |
||
| 260 | _aBaltimore MD | ||
| 260 | _bPenguin Bks. | ||
| 260 | _c1937 | ||
| 300 |
_a142p. ; _c19cm. |
||
| 650 |
_aArchaelogy _xMethodology _944201 |
||
| 650 |
_aExcavations (Archaeology) _944202 |
||
| 942 |
_2lcc _cMONOGRAPH |
||